<Die> neue Logik der Weltwirtschaft Zukunftsstrategien der internationalen Konzerne
Gespeichert in:
| 1. Verfasser: | |
|---|---|
| Weitere Verfasser: | |
| Format: | Buch |
| Sprache: | Deutsch |
| Veröffentlicht: |
Hamburg
Hoffmann und Campe
1992
|
| Ausgabe: | 1. Aufl. |
| Schlagworte: | |
| Tags: |
Keine Tags, Fügen Sie das erste Tag hinzu!
|
MARC
| LEADER | 00000nam a2200000 4500 | ||
|---|---|---|---|
| 001 | c001951 | ||
| 005 | 20221221080314.6 | ||
| 020 | |a 3-455-08388-9 | ||
| 041 | 0 | |a ger | |
| 044 | |a DE | ||
| 245 | 1 | 0 | |a <Die> neue Logik der Weltwirtschaft |b Zukunftsstrategien der internationalen Konzerne |c Kenichi Ohmae ; Prekl. Sabine Wiermann |
| 250 | |a 1. Aufl. | ||
| 264 | 1 | |a Hamburg |b Hoffmann und Campe |c 1992 | |
| 300 | |a 347 s. | ||
| 610 | 2 | 0 | |a hospodárstvo svetové |
| 610 | 2 | 0 | |a stratégia podniková |
| 610 | 2 | 0 | |a makroekonomika |
| 610 | 2 | 0 | |a pracovníci riadiaci |
| 610 | 2 | 0 | |a údaje štatistické |
| 610 | 2 | 0 | |a koncerny |
| 610 | 2 | 0 | |a podnik medzinárodný |
| 100 | 1 | |a Ohmae, Kenichi | |
| 700 | 1 | |a Wiermann, Sabine | |